Goya 250 aniversario : del 30 de marzo al 2 de junio, 1996, Museo del Prado

Saved in:
Bibliographic Details
Corporate Author: Museo del Prado
Other Authors: Luna, Juan J., Moreno de las Heras, Margarita, Goya, Francisco, 1746-1828
Format: Book
Language:Spanish
Published: [Madrid] : Museo del Prado, c1996.
Subjects:
Tags: Add Tag
No Tags, Be the first to tag this record!

MARC

LEADER 00000cam a2200000 i 4500
001 1/36266
008 061025s1996 sp | ||| |||| ||spa||
020 |a 8487317480 
035 |l 10085772 
040 |a GR-MyUa  |b gre  |e AACR2 
041 0 |a spa 
082 7 |a 700.92   |2 (22) 
245 0 0 |a Goya 250 aniversario :   |b del 30 de marzo al 2 de junio, 1996, Museo del Prado /   |c Juan J. Luna, Margarita Moreno de las Heras. 
260 |a [Madrid] :   |b Museo del Prado,   |c c1996. 
300 |a 476 σ. :   |b εικ. (μερ. έγχρ.) ;   |c 30 εκ. 
504 |a Περιλαμβάνει βιβλιογραφικές παραπομπές (σ. 460-473). 
600 1 0 |a Goya, Francisco,   |d 1746-1828  |x Exhibitions. 
700 1 |a Luna, Juan J. 
700 1 |a Moreno de las Heras, Margarita. 
700 1 |a Goya, Francisco,   |d 1746-1828. 
710 2 |a Museo del Prado. 
852 |a INST  |b SYROS  |e 20061025  |h 700.92 GOY  |p 005500004601  |q 005500004601  |t BK  |y 0 
901 |a BIBL5-2006-3 
922 |a 5ΕΛΗ  |b 200610  |c Βιβλιοθηκη Σύρου  |d Μιχαλόπουλος 
950 |a 188-2006-09-18 
970 |a Κοντού  |b Παρασκευή  |z 21/11/2006